|
|
|
|
| LEADER |
01178nab#a2200385#ar4500 |
| 001 |
000103433 |
| 003 |
SVKKK |
| 005 |
20101222122155.0 |
| 008 |
080509c2010 xo |||||||||||||||b|eng |
| FMT |
|
|
|
| 015 |
|
|
|a SNBRB2010/12
|
| 038 |
|
|
|a SVKKK
|
| 040 |
|
|
|a SVKKK
|b slo
|e AACR2
|
| 041 |
0 |
|
|a eng
|
| 044 |
|
|
|a xo
|c SK
|
| 080 |
|
|
|a 551.248
|x (234.372.3)
|2 1997
|
| 080 |
|
|
|a 551.243.1
|2 1997
|
| 242 |
1 |
0 |
|a Štvrtohorná tektonická aktivita vikartovského zlomu (Hornádska kotlina, Západné Karpaty)
|
| 245 |
1 |
0 |
|a Quaternary tectonic activity of the Vikartovce fault (Hornádska kotlina Basin, Western Carpathians)
|c R. Vojtko ... [et al.]
|
| 650 |
0 |
4 |
|a zlomy
|a neotektonika
|z Západné Karpaty (Slovensko)
|
| 651 |
|
4 |
|a vikartovský zlom (Slovensko)
|x neotektonika
|
| 700 |
1 |
|
|a Vojtko, R.
|4 aut
|
| 700 |
1 |
|
|a Marko, F.
|4 aut
|
| 700 |
1 |
|
|a Madarás, Ján
|4 aut
|
| 700 |
1 |
|
|a Beták, J.
|4 aut
|
| 700 |
1 |
|
|a Preusser, F.
|4 aut
|
| 773 |
0 |
|
|t Mineralia slovaca
|g Roč. 42, č. 2 (2010)
|x 0369-2086
|
| 773 |
0 |
|
|i Príl.:
|t Geovestník
|g Č. 2 (2010), s. 260-261
|
| 958 |
|
|
|a SK
|
| 974 |
|
|
|a Ni
|
| 992 |
|
|
|a RBX
|
| BAS |
|
|
|
| 852 |
|
|
|a SVKKK
|b BIB
|
| EXP |
|
|
|
| 998 |
|
|
|a GEO
|